A picture's worth : (Record no. 22138)
[ view plain ]
| 000 -LEADER | |
|---|---|
| fixed length control field | 00771nam a2200253 a 4500 |
| 005 - DATE AND TIME OF LATEST TRANSACTION | |
| control field | 20140310183353.0 |
| 008 - FIXED-LENGTH DATA ELEMENTS--GENERAL INFORMATION | |
| fixed length control field | 130129s19uu xx 00 eng d |
| 020 ## - INTERNATIONAL STANDARD BOOK NUMBER | |
| International Standard Book Number | 9781606130155 |
| 050 ## - LIBRARY OF CONGRESS CALL NUMBER | |
| Classification number | RJ 506.A9 |
| Item number | .B655 2011 |
| 100 ## - MAIN ENTRY--PERSONAL NAME | |
| Personal name | Bondy, Andy |
| 245 ## - TITLE STATEMENT | |
| Title | A picture's worth : |
| Remainder of title | PECS and other visual communication strategies in autism / |
| Statement of responsibility, etc | Andy Bondy & Lori Frost |
| 250 ## - EDITION STATEMENT | |
| Edition statement | 2nd ed. |
| 260 ## - PUBLICATION, DISTRIBUTION, ETC. (IMPRINT) | |
| Place of publication, distribution, etc | Bethesda, MD : |
| Name of publisher, distributor, etc | Woodbine House, |
| Date of publication, distribution, etc | 2011. |
| 300 ## - PHYSICAL DESCRIPTION | |
| Extent | 143 p. : |
| Other physical details | ill. ; |
| Dimensions | 22 cm. |
| 440 ## - SERIES STATEMENT/ADDED ENTRY--TITLE | |
| Title | Topics in autism |
| 500 ## - GENERAL NOTE | |
| General note | Includes index. |
| 521 ## - TARGET AUDIENCE NOTE | |
| Target audience note | |
| 650 ## - SUBJECT ADDED ENTRY--TOPICAL TERM | |
| Topical term or geographic name as entry element | Autistic children |
| 650 ## - SUBJECT ADDED ENTRY--TOPICAL TERM | |
| Topical term or geographic name as entry element | Autistic children |
| General subdivision | Rehabilitation |
| 650 ## - SUBJECT ADDED ENTRY--TOPICAL TERM | |
| Topical term or geographic name as entry element | Interpersonal communication |
| 700 ## - ADDED ENTRY--PERSONAL NAME | |
| Personal name | Frost, Lori |
| 942 ## - ADDED ENTRY ELEMENTS (KOHA) | |
| Koha item type | Books |
| Source of classification or shelving scheme | Library of Congress Classification |
| Call number prefix | Foreign |
| Withdrawn status | Lost status | Source of classification or shelving scheme | Damaged status | Home library | Current library | Shelving location | Date acquired | Source of acquisition | Cost, normal purchase price | Total Checkouts | Full call number | Barcode | Date last seen | Copy number | Price effective from | Koha item type |
|---|---|---|---|---|---|---|---|---|---|---|---|---|---|---|---|---|
| Library of Congress Classification | College Library | College Library | General Circulation Section | 01/29/2013 | Donation | 1795.00 | RJ 506.A9 .B655 2011 | C15748 | 05/15/2018 | 1 | 10/10/2013 | Books |